Memoria 1920-1945 / (Record no. 146403)

MARC details
000 -LEADER
campo de control de longitud fija 00672nam a2200181 i 4500
001 - NÚMERO DE CONTROL
campo de control 146403
003 - IDENTIFICADOR DE NÚMERO DE CONTROL
campo de control ES-MaACL
005 - FECHA Y HORA DE LA ÚLTIMA TRANSACCIÓN
campo de control 20230906201524.0
007 - CAMPO FIJO DE DESCRIPCIÓN FÍSICA--INFORMACIÓN GENERAL
campo de control de longitud fija t|
008 - DATOS DE LONGITUD FIJA--INFORMACIÓN GENERAL
campo de control de longitud fija 070907q1946 sp ||||1| spa d
100 1# - ENTRADA PRINCIPAL--NOMBRE DE PERSONA
Nombre de persona Muller y de Ferrer, Javier de.
9 (RLIN) 143199
245 10 - MENCIÓN DEL TÍTULO
Título Memoria 1920-1945 /
Mención de responsabilidad, etc. por su Presidente Javier de Muller y de Ferrer [25 años de labor].
260 ## - PUBLICACIÓN, DISTRIBUCIÓN, ETC.
Lugar de publicación, distribución, etc. Tarragona :
Nombre del editor, distribuidor, etc. [s.n.,
Fecha de publicación, distribución, etc. 1946?] (
Fabricante Imp. Hnos. de R. Gabriel)
300 ## - DESCRIPCIÓN FÍSICA
Extensión 95 p., 24 lám. neg., 6 lám. col. :
Otras características físicas il. ;
Dimensiones 21 cm.
594 ## - Nota al título y mención de responsabilidad
Nota al título y mención de responsabilidad Precede al tít.: Tribunal Tutelar de Menores.
710 2# - ENTRADA AGREGADA--NOMBRE DE ENTIDAD CORPORATIVA
Nombre de entidad corporativa o nombre de jurisdicción como elemento de entrada Tribunal Tutelar de Menores de Tarragona.
9 (RLIN) 143200
852 ## - LOCALIZACIÓN
Ubicación ES-MaACL
Número de control de estantería B-5932
Sublocalización o colección R.23706
Holdings
Estatus retirado Estado de pérdida Estado de daño No para préstamo Biblioteca de origen Biblioteca actual Ubicación en estantería Fecha de adquisición Fuente de adquisición Total de préstamos Signatura topográfica completa Código de barras Visto por última vez Precio de reemplazo Tipo de ítem Koha
        Biblioteca del Ateneo de Madrid Biblioteca del Ateneo de Madrid Sala Pardo Bazán 17/01/2008     B-5932 1152805 23/02/2023 23/02/2023 Libro impreso